Movies Quiz

Random Movies Quiz

Best Horror Films I Quiz Stats

Quiz not verified by Sporcle

Challenge
Share
Tweet
Score 0/19 Timer 05:00
0 Plays Today
% Correct
Ring
94.9%
Psycho
85.7%
The Thing
85.7%
The Texas Chain Saw Massacre
84.7%
Birds
84.7%
The Wicker Man
75.5%
Evil Dead
73.5%
Dawn of the Dead
67.3%
The Shining
67.3%
Cabin in the Woods
65.3%
% Correct
The Babadook
58.2%
The Exorcist
56.1%
Jacob's Ladder
55.1%
Jaws
53.1%
Alien
52%
Suspiria
44.9%
It Follows
43.9%
VHS
18.4%
Cat People
15.3%

You're not logged in!

Compare scores with friends on all Sporcle quizzes.
Sign Up with Email
OR
Log In

You Might Also Like...

Show Comments

Extras

Top Quizzes Today


Score Distribution

Your Account Isn't Verified!

In order to create a playlist on Sporcle, you need to verify the email address you used during registration. Go to your Sporcle Settings to finish the process.